Horses - Statistics

General Stats
  • This quiz has been taken 2,452 times
  • The average score is 18 of 22
Answer Stats
the questions the Answers % Correct
a lady horse mare
99%
the bit that you sit on when riding saddle
95%
the thing that goes in between a horse's mouth bit
94%
a young horse foal
92%
fastest means of travel gallop
91%
second slowest means of travel trot
91%
a non-castrated male horse four years old or older stallion
90%
where you put your feet when riding stirrups
90%
slowest means of travel on horseback walk
90%
used to steer a horse when riding rein
89%
riding without tack riding bareback
89%
a young male horse colt
87%
a castrated male horse of any age gelding
87%
second fastest means of travel canter
86%
a young female horse filly
86%
there are cold bloods, hot bloods, and ... warm bloods
78%
what is a white horse called? grey
73%
used to lead a horse lead rope
73%
stripe down a horse's nose blaze
72%
what is a reddish brown horse called? chestnut
72%
a horse of either sex that is between one and two years old yearling
65%
Is used by handler on the ground to lead or tie up a horse? halter
59%
No matching quizzes found
Score Distribution
Percent of People with Each Score
Percentile by Number Answered
Your Score History
You have not taken this quiz